| 000 -LEADER |
| fixed length control field |
00889nam a2200193Ia 4500 |
| 003 - CONTROL NUMBER IDENTIFIER |
| control field |
OSt |
| 005 - DATE AND TIME OF LATEST TRANSACTION |
| control field |
20241119182348.0 |
| 007 - PHYSICAL DESCRIPTION FIXED FIELD--GENERAL INFORMATION |
| fixed length control field |
ca aa aaaaa |
| 008 - FIXED-LENGTH DATA ELEMENTS--GENERAL INFORMATION |
| fixed length control field |
201103s9999 xx 000 0 und d |
| 040 ## - CATALOGING SOURCE |
| Transcribing agency |
SSBUL |
| 041 ## - LANGUAGE CODE |
| Language code of text/sound track or separate title |
bur |
| 082 ## - DEWEY DECIMAL CLASSIFICATION NUMBER |
| Classification number |
၂၉၄.၃၄၃၅၀၉ |
| Item number |
ကု |
| 100 ## - MAIN ENTRY--PERSONAL NAME |
| Personal name |
ကုမာရထေရ်၊ ဘဒ္ဒန္တ၊ အဂ္ဂမဟာပဏ္ဍိတ |
| 9 (RLIN) |
16980 |
| 245 10 - TITLE STATEMENT |
| Title |
ဒါဌာဝံသပါဌ်နှင့်ဓာတုဝံသပါဌ် / |
| Statement of responsibility, etc. |
အဂ္ဂမဟာပဏ္ဍိတဘဒ္ဒန္တကုမာရထေရ်၊၊ |
| 260 ## - PUBLICATION, DISTRIBUTION, ETC. |
| Place of publication, distribution, etc. |
ရန်ကုန် ၊ |
| Name of publisher, distributor, etc. |
မဟာသိမ်တော်ကြီး ပရိယတ္တိစာသင်တိုက်၊ |
| Date of publication, distribution, etc. |
၂၀၀၈။ |
| 300 ## - PHYSICAL DESCRIPTION |
| Extent |
ဆ၊ ၂၆၉ စာမျက်နှာ ၊ |
| Dimensions |
၁၉ စင်တီ။ |
| 942 ## - ADDED ENTRY ELEMENTS (KOHA) |
| Koha item type |
Books (Long term) |
| Source of classification or shelving scheme |
|
|
| Source of classification or shelving scheme |
|